000 00536nam a2200169Ia 4500
008 090711s9999 xx 000 0 und d
082 _b51889
100 _aखळगांवकर विजया
245 _aसुशोभित भरतकला
260 _c1984
300 _a162
600 _aखळगांवकर विजया
630 _aसुशोभित भरतकला
700 _aखळगांवकर विजया
730 _aसुशोभित भरतकला
942 _cBOOK
999 _c308654
_d308654